01165nam a2200205 i 4500001000700000003000900007005001700016008004100033245017500074260008700249300003200336490015000368505015900518651003300677700002000710700002200730710003900752830014700791852002100938185559ES-MaACL20250815032628.0160712s1868 po |||| | por d00aSubsidios para a historia da India portugueza / cpublicados de ordem da Classe das Sciencias Moraes, Politicas e Bellas-lettras da Academia Real das Sciencias de Lisboa. aLisboa : b[s.n.], c1868 (fTypographia da Academia Real das Sciencias de Lisboa) a1 v. (pag. var.) ; c28 cm.1 aCollecçao de monumentos ineditos para a historia das conquistas dos portuguezes em Africa, Asia e America ; vt. 5. 1ª Serie. Historia de Asia8 aContiene: O livro dos pesos, medidas e moedas / por Antonio Nunes. O tombo do Estado da India /por Simao Botelho. Lembranças das cousas da India em 1525 4aGoa, Daman y Diu-xHistoria.1 aNunes, Antonio.1 aBotelho, Simão.2 aAcademia das Ciências de Lisboa.00aCollecçao de monumentos ineditos para a historia das conquistas dos portuguezes em Africa, Asia e Americavt. 5. 1ª Serie. Historia de Asia aES-MaACLjG-6761